LDR 00773naa#a2200193#i#450# 001 EN\\bibl\121745 005 20260502071805.6 011 ## _a1998-8990 100 ## _a20260423b2026####ek#y0engy0150####ca 102 ## _aRU 200 1# _aIMPROVEMENT OF THE METHOD OF ASSESSING THE RISK OF ENVIRONMENTAL AND CHEMICAL DANGER IN THE TRANSPORTATION OF CHEMICAL HAZARDS BY ROAD TRANSPORT _eJournal article 210 1# _aSaint-Petersburg _cSaint-Petersburg University of State Fire Service of Emercom of Russia _d2026 215 ## _a9 с. 608 ## _aJournal article _2local 675 ## _aОхрана труда. Безопасность труда. 331.45 _z 700 #1 _aAksenov Alexander A. _gAlexander A. 700 #1 _aSavchuk _gOleg N. 700 #1 _aP'yanusov _gAleksandr V. 856 4# _ajournals.igps.ru _u